| 000 | 00486nam a2200181Ia 4500 | ||
|---|---|---|---|
| 005 | 20250508152515.0 | ||
| 008 | 008 250505s9999 xx 000 0 hin d | ||
| 037 | _aTextual | ||
| 040 |
_aFEDL _beng _cFEDL |
||
| 041 |
_ahin _2eng |
||
| 084 |
_aFH, VAR _qFEDL |
||
| 100 |
_aVarma Bhagvati Charan _9398655 |
||
| 245 | 0 | _aBhule bisare chitra | |
| 260 |
_aDelhi, India _bRaj Kamal Prakashan _c1959 |
||
| 300 | _a464p | ||
| 942 |
_cTEXL _hFH, VAR |
||
| 999 |
_c1336874 _d1336874 |
||